00694nam a2200205Ia 4500003000900000008004100009040001600050080001900066100002500085245008000110260003800190300001500228490005700243650003100300650001900331650002100350942000700371999001500378952009500393IN-BaIIA211028s9999 xx 000 0 eng d cIIA Library a621.382.3bSIM aSimpson, J. H.93961 0aPhysical principles and applications of junction transistorscJ. H. Simpson aOxfordbThe Clarendon Pressc1962 axiv, 519p. aMonographs on the physics and chemistry of materials aJunction transistors93962 aNASA Thesaurus aThyristors93963 cBK c2182d2182 00104070aBANbBANcGENd0000-00-00l0o621.382.3/ SIMp2448r2021-11-05w0000-00-00yBK